000 00601nam a2200205Ia 4500
001 63134
008 150108s9999 xx 000 0 und d
020 _a9781466572898
040 _cPK-LaUMT
082 _a 519.5076
_bKUP-E
100 _aKupper, Lawrence L.
245 _aExercises and solutions in statistical theory
_cKupper, Lawrence L.|Neelon, Brian H.|O'Brien, Sean M.
260 _aBoca Raton,USA:
_bCRC Press,
_c2013
300 _a369 p.
546 _aEN
650 _aProbabilities--problems, exercises, etc.
700 _aNeelon, Brian H.
700 _aO'Brien, Sean M.
942 _cBK
999 _c63738
_d63738